000 01112nam a22002777a 4500
005 20170719155239.0
010 _a1617EN ENG-117078
020 _a9788131710777
_c679.00
035 _aB-651720-731
035 _aB-666212
035 _aEN-100610
037 _adpl
_bPragati
082 _a005.133
100 _aLippman, Stanley B.
245 _aC++ primer /
_cby Stanley B.Lippman; Josee Lajoie [ and] Barbara E. Moo
250 _a4th ed
260 _aNoida
_bPearson
_c2016
270 _a7th Floor, Knowledge Boulevard, Sector 62
_bNoida
_e201309 (U.P.) India
300 _axii,885p.
_c25cm(pbk)
_bill.
500 _aincluds index
700 _aLajoie, Josee
700 _aMoo, Barbara E.
942 _2ddc
_cEN
_h005.133
_mLIP
999 _c102023
_d102023